|
|
|
|
| LEADER |
00000cam a2200000 i 4500 |
| 001 |
1/43113 |
| 008 |
980206s1988 gr | ||| |||| ||gre|| |
| 035 |
|
|
|a 1990
|c ΒΙΒΛΙΟΘΗΚΗ
|l 10041946
|
| 040 |
|
|
|a GR-MyUA
|b gre
|e AACR2
|
| 041 |
0 |
|
|a gre
|
| 082 |
0 |
|
|a 515.35
|
| 100 |
1 |
|
|a Κυβεντίδης, Θωμάς Α.,
|d 1947-
|
| 245 |
1 |
0 |
|a Διαφορικές εξισώσεις με μερικές παραγώγους /
|c Θωμά Κυβεντίδη.
|
| 250 |
|
|
|a 3η εκδ.
|
| 260 |
|
|
|a Θεσσαλονίκη :
|b Ζήτη,
|c 1988-1996.
|
| 300 |
|
|
|a xiii, 384 σ. ;
|c 24 εκ.
|
| 505 |
0 |
|
|a Περιέχει ευρετήριο.
|
| 650 |
0 |
0 |
|a Differential equations.
|
| 852 |
|
|
|a INST
|b SAMOS
|e 19980206
|h 515.35 ΚΥΒ
|p 005300001451
|q 005300001451
|t BK
|y 0
|z τ.2
|
| 852 |
|
|
|a INST
|b SAMOS
|e 20000612
|h 515.35 ΚΥΒ
|p 005300011279
|q 005300011279
|t BK
|y 0
|z τ.2
|
| 852 |
|
|
|a INST
|b SAMOS
|e 20000612
|h 515.35 ΚΥΒ
|p 005300011280
|q 005300011280
|t BK
|y 0
|z τ.2
|
| 852 |
|
|
|a INST
|b SAMOS
|e 19980206
|h 515.35 ΚΥΒ
|p 005300001451
|q 005300001451
|t BK
|v τ.2:
|y 0
|z τ.2
|
| 852 |
|
|
|a INST
|b SAMOS
|e 20000612
|h 515.35 ΚΥΒ
|p 005300011279
|q 005300011279
|t BK
|v τ.2:
|y 0
|z τ.2
|
| 852 |
|
|
|a INST
|b SAMOS
|e 20000612
|h 515.35 ΚΥΒ
|p 005300011280
|q 005300011280
|t BK
|v τ.2:
|y 0
|z τ.2
|
| 853 |
|
|
|a INST
|b SAMOS
|h 515.35 ΚΥΒ
|
| 901 |
|
|
|a BIBL-1998-2
|
| 909 |
|
|
|a Σ
|b 017870
|
| 909 |
|
|
|a Σ
|b 056455
|
| 909 |
|
|
|a Σ
|b 056454
|
| 922 |
|
|
|a 3ΕΛΗ
|b 199805
|c ΚΠΣ
|d Παπασωτηρίου
|